| 000 | 00671nam a2200193Ia 4500 | ||
|---|---|---|---|
| 003 | LDD | ||
| 008 | 190117s9999 xx 000 0 und d | ||
| 020 |
_a8188457256 _c₹150 |
||
| 040 | _cLDD | ||
| 041 | _ahi | ||
| 082 | _a8H3.6 प्रे59222भा | ||
| 100 | _aप्रेमचन्द | ||
| 245 | 0 |
_aभारतीय ग्रमीण जीनव की कहानियां _cप्रेमचन्द |
|
| 260 |
_aनई दिल्ली _bसामयिक प्रकाशन _c2012 |
||
| 300 | _a144पृ. | ||
| 901 | _aKGP | ||
| 904 | _aReqst by : Satyakam | ||
| 942 |
_2ddc _cH |
||
| 999 |
_c164247 _d164247 |
||